| 000 | 00361nam a2200121Ia 4500 | ||
|---|---|---|---|
| 008 | 220216s9999 xx 000 0 und d | ||
| 100 | _aVejanurung Punsak | ||
| 245 | 0 | _aAgricultural futures exchange : Thailands first futures exchange. Part.1 | |
| 260 |
_bRubber International Magazine _c2004 |
||
| 300 | _a57-61 | ||
| 650 | _aRegulatory structure | ||
| 942 | _cJS | ||
| 999 |
_c53957 _d53957 |
||